000 00330nam a22001337a 4500
082 _a823
_bTHO/M
100 _aTHOMAS, VERNOR
245 _aTHE MYSTERY OF THE STRANGE LOOK ALIKE
260 _aMUMBAI
_bBETTER YOURSELF BOOKS
300 _a75
520 _aENGLISH SHORT STORY
650 _aENGLISH SHORT STORY
_zMUMBAI
942 _cBK
999 _c5973
_d5973